ระบบห้องสมุดอัตโนมัติ ULibM
วิทยาลัยพยาบาลบรมราชชนนี พระพุทธบาท
เปลี่ยนเป็นภาษาไทย

Change to English
 แสดงรายละเอียดบรรณานุกรม
  กลับหน้าหลัก

Brief Record : Get Marc (ISO 2709) : E-mail record : QR code ปิดหน้าต่าง
E-books : เกี่ยวกับ Collections
LEADER 00000nam 2200000uu 4500
001    13399124081
003     ULIBM
008    240156s2555 th a 000 0 tha d
020    9786162710421
100    สมจิตร์ จารุรัตนศิริกุล / บรรณาธิการ
245    กุมารเวชศาสตร์ผู้ป่วยนอก
250    พิมพ์ครั้งที่ 3
260    สงขลา :^bหน่วยผลิตตำราคณะแพทยศาสตร์มหาวิทยาลัยสงขลานครินทร์,^c2555
300    764 หน้า
650    กุมารเวชศาสตร์^xผู้ป่วยเด็ก^yPediatrics
700 0  กมลวิช เลาประสพวัฒนา, บรรณาธิการร่วม
700 0  มณีรัตน์ ภูวนนท์, บรรณาธิการร่วม
700 0  นครินทร์ ตนคลัง, บรรณาธิการร่วม
945    ^p800^l0^i019522
945    ^p800^l0^i019523
945    ^p800^l0^i019524
945    ^p800^l0^i019525
945    ^p800^l0^i019526
999    ^aน.ส.สุพรรษา เริงรื่น
รายการนี้ยังไม่มีแท็ก
คุณยังไม่ได้ล็อกอิน คุณสามารถมีกิจกรรมร่วมกับเว็บไซต์ได้ แต่ต้องล็อกอินก่อน ::
  ล็อกอิน
ลำดับที่ ประเภท เลขเรียก สถานที่ สถานะ
1.
WS100 ก721 2555  
  
วิทยาลัยพยาบาลบรมราชชนนี พระพุทธบาท
►หนังสือทั่วไป
On Shelf
2.
WS100 ก721 2555 ฉ.2 
  
วิทยาลัยพยาบาลบรมราชชนนี พระพุทธบาท
►หนังสือทั่วไป
On Shelf
3.
WS100 ก721 2555 ฉ.3 
  
วิทยาลัยพยาบาลบรมราชชนนี พระพุทธบาท
►หนังสือทั่วไป
On Shelf
4.
WS100 ก721 2555 ฉ.4 
  
วิทยาลัยพยาบาลบรมราชชนนี พระพุทธบาท
►หนังสือทั่วไป
On Shelf
5.
WS100 ก721 2555 ฉ.5 
  
วิทยาลัยพยาบาลบรมราชชนนี พระพุทธบาท
►หนังสือทั่วไป
On Shelf
   [แสดง 5/5 รายการ]

Bib 13399124081